Państwa bez liter R,O,S,J,A - Statystyki

Ogólne statystyki
  • Ten quiz został rozwiązany 358 razy
  • Średni wynik to 6 z 11
Statystyki odpowiedzi
Rosja % Poprawnych
Chile
74%
Niemcy
69%
Czechy
67%
Chiny
66%
Fidżi
61%
Indie
56%
Egipt
54%
Belize
48%
Dżibuti
36%
Benin
35%
Filipiny
31%
Nie znaleziono quizów pasujących do podanych kryteriów
Rozkład punktacji
Procent ludzi z każdym wynikiem
Percentyl według liczby udzielonych odpowiedzi
Twoja historia wyników
Nie rozwiązałeś tego quizu